IFM Opac

Corporate Financial Management (Record no. 22213)

MARC details
000 -LEADER
fixed length control field 00383nam a22001577a 4500
020 ## - INTERNATIONAL STANDARD BOOK NUMBER
ISBN 978-0-13-503273-2
082 ## - DEWEY DECIMAL CLASSIFICATION NUMBER
Classification number 658.15
100 ## - MAIN ENTRY--AUTHOR NAME
Personal name Emery, Donglas R.
245 ## - TITLE STATEMENT
Title Corporate Financial Management
250 ## - EDITION STATEMENT
Edition statement 3rd
260 ## - PUBLICATION, DISTRIBUTION, ETC. (IMPRINT)
Place of publication New Jessey:
Name of publisher Pearson,
Year of publication 2007
300 ## - PHYSICAL DESCRIPTION
Number of Pages xxii, 841p.: ill.; 25cm
700 ## - ADDED ENTRY--PERSONAL NAME
Personal name Finnerity, John D.
700 ## - ADDED ENTRY--PERSONAL NAME
Personal name Stowe, John D.
942 ## - ADDED ENTRY ELEMENTS (KOHA)
Koha item type Books
Holdings
Withdrawn status Lost status Damaged status Not for loan Collection code Permanent Location Current Location Shelving location Date acquired Source of acquisition Full call number Accession Number Price effective from Koha item type
        Non-fiction IFM Main Campus Library IFM Main Campus Library Work Room processing 01/23/2026 Purchased 658.15 EME 0000030937 01/23/2026 Books